| Поле | Название | Значение |
| |
Тип записи |
a |
| |
Библиографический уровень |
m |
| 001 |
Контрольный номер |
RU\infra-m\znanium\bibl\2231496 |
| 005 |
Дата корректировки |
20260429142311.6 |
| 008 |
Кодируемые данные |
260120s2025 RU g rus u |
| 020 |
Индекс ISBN |
__ |
| a |
ISBN |
978-5-9614-2246-7 |
| 040 |
Источник каталогиз. |
__ |
| a |
Служба первич. каталог. |
Общество с ограниченной ответственностью «ЗНАНИУМ» |
| 041 |
Код языка издания |
__ |
| a |
Код языка текста |
rus |
| 044 |
Код страны публикации |
__ |
| a |
Код страны публикации |
RU |
| 080 |
Индекс УДК |
__ |
| a |
Индекс УДК |
747 |
| 084 |
Индекс другой классификации/Индекс ББК |
__ |
| 2 |
Источник индекса |
rubbk |
| a |
Индекс другой классификации/Индекс ББК |
8515 |
| 084 |
Индекс другой классификации/Индекс ББК |
__ |
| 2 |
Источник индекса |
okso |
| a |
Индекс другой классификации/Индекс ББК |
54.03.01 |
| 100 |
Автор |
__ |
| a |
Автор |
Мус Р. |
| q |
Полное имя |
Мус Розета |
| 245 |
Заглавие |
__ |
| a |
Заглавие |
Управление проектом в сфере графического дизайна |
| b |
Продолж. заглавия |
Практическое пособие |
| 250 |
Сведения об издании |
__ |
| a |
Основные сведения об издании |
1 |
| 260 |
Выходные данные |
__ |
| a |
Место издания |
Москва |
| b |
Издательство |
ООО "Альпина Паблишер" |
| c |
Дата издания |
2026 |
| 300 |
Физическое описание |
__ |
| a |
Объем |
224 с. |
| 520 |
Аннотация |
__ |
| a |
Аннотация |
Оказание услуг в сфере графического дизайна требует не только художественных навыков. Необходим системный подход навыки управления креативными проектами и понимание нюансов полиграфического производства. Без этих знаний стабильное соблюдение сроков выполнения заказа и его качество практически невозможны. Книга содержит полный набор базовых знаний необходимый специалистам креативных и дизайн-бюро: от грамотного составления брифа до нюансов предпечатных и печатных процессов. Книга ориентирована прежде всего на дизайнеров и менеджеров компаний которые оказывают услуги в области графического дизайна. Книга также будет полезна тем кто заказывает подобные работы и хочет общаться с дизайнером на одном языке. |
| 521 |
Примеч. о цел. назн. |
__ |
| a |
Примеч. о целев. назн. |
Дополнительное профессиональное образование |
| 650 |
Тематические рубрики |
__ |
| a |
Основная рубрика |
Архитектура. Искусство |
| x |
Основная подрубрика |
Графический дизайн |
| 655 |
Указ. предметных рубрик (устаревшее) |
__ |
| a |
Жанр/ форма (устаревшее) |
Практическое пособие |
| 700 |
Другие авторы |
__ |
| a |
Другие авторы |
Эррера О. |
| q |
Полное имя |
Эррера Ойана |
| 856 |
Электронный адрес документа |
4_ |
| a |
Имя сервера/домена |
znanium.ru |
| m |
Помощь |
ebs_support@infra-m.ru |
| n |
Местонахождение сервера |
НИЦ ИНФРА-М |
| u |
URL |
https://znanium.ru/catalog/document?id=471803 |
| 856 |
Электронный адрес документа |
48 |
| a |
Имя сервера/домена |
znanium.ru |
| d |
Путь |
/cover/2231 |
| f |
Электронное имя |
2231496.jpg |
| q |
Тип электронного формата |
image/jpeg |
| u |
URL |
https://znanium.ru/cover/2231/2231496.jpg |
| 911 |
|
__ |
| u |
|
0030=https://znanium.ru/catalog/document?id=471803 |